| 000 | 00415nam a2200157Ia 4500 | ||
|---|---|---|---|
| 005 | 20250430063024.0 | ||
| 008 | 240331s9999 xx 000 0 und d | ||
| 020 | _a9789553005663 | ||
| 082 |
_bRAN _a891 |
||
| 100 | _aRanasinghe,C | ||
| 245 | 0 |
_aVichara awakasha : _bsahithya vimansana sanhithawa |
|
| 260 |
_aColombo _bS.Godake & Brothers _c2008 |
||
| 300 | _a148 p ., | ||
| 650 | _aSinhala Literature | ||
| 942 | _cL | ||
| 999 |
_c5247 _d5247 |
||